000 00547ntaaa2200205 4500
003 01
005 20251027202452.0
008 0714s1973 ag 01
040 _aAR-BaBN
_bspa
_cAR-BaBN
_eaacr
_dRIC
082 _a268.4321 T36
100 _aThomason, William O.
_918275
245 _aDaytime and nighttime
250 _a1 ed.
260 _aNashville :
_bConvention Press,
_cc1959
300 _a63 p.
500 _aactividades para la cuna en la escuela dominical
650 _aCuna
_97312
700 _aScarborough, A. M.
_923588
942 _cBK
999 _c19686
_d19686